| 000 | 01177aam a2200313 i 4500 | ||
|---|---|---|---|
| 001 | 768714001 | ||
| 003 | CO-MdFUSB | ||
| 005 | 20250507162108.0 | ||
| 007 | ta | ||
| 008 | 250507t2013 ck |||| |||| 00| 0 spa d | ||
| 020 | _a978-958-8691-76-3 | ||
| 040 | _cCO-MdFUSB | ||
| 041 |
_aspa _heng |
||
| 082 | 0 | 4 |
_223 _a241.66 _bP6651s |
| 100 | 1 |
_aPiper, John (1946-) _eautor |
|
| 240 | _aSex and the supremacy of Christ | ||
| 245 | 1 | 0 |
_aSexo y la supremacía de Cristo _c/ Jhon Piper |
| 264 | 1 |
_bCLC, _aBogotá, Colombia : _c[2013] |
|
| 264 | 4 | _c©2013 | |
| 300 | _a511 páginas | ||
| 336 |
_atexto _btxt _2rdacontent |
||
| 337 |
_2rdamedia _asin mediación _bn |
||
| 338 |
_2rdacarrier _avolumen _bnc |
||
| 505 | _aDios y el sexo- Pecado y sexo - Matrimonio homosexual-los hombres solteros y el sexo. Sexo, romance y la gloria de Dios: lo que todo esposo debe saber - El sexo y la mujer soltera -- Sexo, romance y la gloria de Dios: todo lo que la esposa necesita saber -- La historia y el sexo -- ¿Cristianos hedonistas o religiosos mojigatos? -- Los puritanos y el sexo. | ||
| 563 | _aRústico | ||
| 650 | 0 |
_aSexo _91346 |
|
| 942 | _cBK | ||
| 945 | _aJTF-925 | ||
| 999 |
_c44659 _d44659 |
||